| 000 | 01141nam a2200241Ia 4500 | ||
|---|---|---|---|
| 999 |
_c56224 _d56224 |
||
| 001 | 23325 | ||
| 003 | GE_BSU | ||
| 005 | 20251204193217.0 | ||
| 008 | 181216s1961||||ge |||||||||||||| ||geo|| | ||
| 040 | _cGE_BSU | ||
| 041 | _ageo | ||
| 080 | _a94(479.22) გ-82 | ||
| 100 |
_aგრიგოლია, კონსტანტინე _919213 |
||
| 245 |
_aრას მოგვითხრობს "ქართლის ცხოვრება / _cკონსტანტინე გრიგოლია ; რედ.: ნ. ჯანელიძე ; მხატვ.: ნ. იგნატოვი. |
||
| 250 | _aმე-2 შევსებ. და შესწორ. გამოც. | ||
| 264 |
_aთბილისი : _bგანათლება, _c1971. |
||
| 300 |
_a203 გვ. : _bილ. ; _c22 სმ. |
||
| 541 | _h1ლ. 74თ. | ||
| 653 | _aრას მოგვითხრობს "ქართლის ცხოვრება | ||
| 700 |
_aჯანელიძე, ნ. _eრედაქტორი _92311 |
||
| 700 |
_aიგნატოვი, ნ. _eმხატვარი _926357 |
||
| 942 |
_cBK _2udc |
||